000 02637cam a2200289 4500500
005 20251228050523.0
041 _afre
042 _adc
100 1 0 _aBonis, Oristelle
_eauthor
700 1 0 _aKraus, Cynthia
_eauthor
700 1 0 _aPheterson, Gail
_eauthor
700 1 0 _aClair, Isabelle
_eauthor
700 1 0 _aHeinen, Jacqueline
_eauthor
245 0 0 _aTranslations du genre
260 _c2013.
500 _a86
520 _aRésuméÀ partir d’un point de vue général, cet article associe le déploiement du féminisme de la deuxième vague à trois moments de l’histoire du capitalisme. Dans un premier temps, le mouvement a défié, de façon radicale, l’androcentrisme diffus du ‘capitalisme d’État’. Puis, il a involontairement constitué un élément-clé de ce que Luc Boltanski et Eve Chiapello appellent « le nouvel esprit » du capitalisme néolibéral. Aujourd’hui, alors que le capitalisme est en crise, occasion nous est donnée de ranimer la promesse émancipatrice du féminisme de la deuxième vague1.
520 _aFeminism, Capitalism, and the Cunning of HistoryTaking a broad, sweeping look at second-wave feminism, this essay situates the movement’s unfolding in relation to three moments in the history of capitalism. In the first moment, feminism posed a radical challenge to the pervasive androcentrism of “state-organized capitalism.” In the second, the movement unwittingly supplied a key ingredient of what Luc Boltanski and Eve Chiapello call “the new spirit” of neoliberal capitalism. In the third (present) moment, of capitalist crisis, we have the chance to reactivate the emancipatory promise of second-wave feminism.
520 _aResumenA partir de un punto de vista general, este artículo associa el despliegue del feminismo de la segunda ola con tres momentos de la historia del capitalismo. En un primer tiempo, el movimiento desafió radicalmente el androcentrismo difuso del “capitalismo organizado por el Estado”. Después, constituyó involuntariamente un elemento clave de lo que Luc Boltanski y Eve Chiapello llaman “el nuevo espiritú” del capitalismo neoliberal. Hoy, mientras el capitalismo está en crisis, la ocasión nos es dada de despertar la promesa emancipadora del feminismo de la segunda ola.
690 _aédition
690 _aféminisme
690 _agenre (concept de)
690 _arapports sociaux de sexe
690 _atraduction
786 0 _nCahiers du Genre | 54 | 1 | 2013-05-01 | p. 21-44 | 1298-6046
856 4 1 _uhttps://shs.cairn.info/revue-cahiers-du-genre-2013-1-page-21?lang=fr&redirect-ssocas=7080
999 _c1580551
_d1580551